01707nam a2200337 a 4500001001200000003000800012006001900020007001500039008004100054020001800095020002700113040002100140035002100161050002500182245040700207260003500614300003100649504005300680533015200733650003600885650003600921650002400957655002900981700002001010710004301030710009101073710004501164710001701209856012601226999001701352ebr10658474CaPaEBRm u cr cn|||||||||130222s2013 njuac sb 101 0 eng d z9781118605752 z9781118658819 (e-book) aCaPaEBRcCaPaEBR a(OCoLC)83453839214aTN799.N6bN53 2013eb00aNi-Co 2013h[electronic resource] :bproceedings of symposium sponsored by the TMS Extraction & Processing Division, TMS High Temperature Alloys Committee, and the Metallurgy and Materials Society of the Canadian Institute of Mining, Metallurgy and Petroleum (CIM) : held during the TMS 2013 Annual Meeting & Exhibition, San Antonio, Texas, USA, March 3-7, 2013 /cedited by Thomas Battle ... [et al.]. aHoboken, N.J. :bWiley,c2013. axv, 438 p. :bill., ports. aIncludes bibliographical references and indexes. aElectronic reproduction.bPalo Alto, Calif. :cebrary,d2013.nAvailable via World Wide Web.nAccess may be limited to ebrary affiliated libraries. 0aNickelxMetallurgyvCongresses. 0aCobaltxMetallurgyvCongresses. 0aMetalsvCongresses. 7aElectronic books.2local1 aBattle, Thomas.2 aTMS High Temperature Alloys Committee.2 aMinerals, Metals and Materials Society.bMeetingn(142nd :d2013 :cSan Antonio, Tex.)2 aMetallurgy and Materials Society of CIM.2 aebrary, Inc.40uhttp://site.ebrary.com/lib/rucke/Doc?id=10658474zAn electronic book accessible through the World Wide Web; click to view c65382d65382